1193 1592 1009 1090 1050 1711 1951 1804 1007 1043 1044 1892 1863 1700 1220 1018 1976 1803 1542 1166 1541 1001 1108 1831 1161 1312 1415 1680 1235 1765 1781 1868 1393 1741 1564 1527 1785 1596 1334 1008 1301 1701 1524 1994 1760 1214 1541 1297 1754 1870 1945 1421 1926 1622 1443 1755 1952 1461 1835 1235 1213 1135 1532 1689 1470 1603 1957 1143 1039 1142 1396 1227 1351 1823 1142 1782 1507 1109 1349 1325 1358 1233 1951 1197 1142 1473 1236 1886 1387 1774 1765 1884 1472 1311 1792 1640 1563 1464 1251 BCNSPRNW ULIB Ver.6.0+V

เปลี่ยนเป็นภาษาไทย

Change to English
 แสดงรายละเอียดบรรณานุกรม
  กลับหน้าหลัก

Brief Record : Get Marc (ISO 2709) : E-mail record : QR code < ปิดหน้าต่าง
LEADER : 00000nam 2200000uu 4500
001    13399128457
003     ULIB
008    020711s2020 th a 000 0 eng d
020    ^a9780826148117
060    ^aWA300^bM210P
100    ^aMager, Diana R. and Conelius Jaclyn(Editor)
245    ^aPopulation Health for Nurses: Improving Community Outcomes
250    ^a1st ed
260    ^aNew York :^bSpringer Publishing,^c2020
300    ^a288 pages;^c21 cm
650    ^aPopulation Health
945    ^p3130^l0^i010206
999    ^aประนอม เกษจรัล
รายการนี้ยังไม่มีแท็ก
คุณยังไม่ได้ล็อกอิน คุณสามารถมีกิจกรรมร่วมกับเว็บไซต์ได้ แต่ต้องล็อกอินก่อน ::
  ล็อกอิน

รายการสื่อสารสนเทศ

ลำดับที่ ประเภท เลขเรียก/บาร์โค้ด สถานที่ สถานะ
1. วิทยาศาสตร์การแพทย์ และสุขภาพ
หนังสือสำรอง
สถานะ=หนังสือสำรอง
WA300 M210P ฉ.1 
  Barcode: 010206
ห้องสมุดวิทยาเขตสวรรค์ประชารักษ์
►หนังสือทั่วไป
บนชั้น

BibComment


ยังไม่เคยถูกคอมเมนท์

คอมเมนท์ทรัพยากรรายการนี้
  คอมเมนท์: Population Healt..


 Copyright 2026. Bcnsprnw @Library